| 000 | 01661nam a2200505 i 4500 | ||
|---|---|---|---|
| 001 | 24818 | ||
| 003 | KOSZ 005 | ||
| 005 | 20200429115357.0 | ||
| 008 | 970510s1992 pl a f |000 0 pol | ||
| 015 | _aUWD 1993/133 | ||
| 035 | _a991000792399705066 | ||
| 035 | _a(PL-WaBN)b10250207-48omnis_nlop | ||
| 035 | _ab10250207 | ||
| 035 | _a(OCoLC)749156983 | ||
| 035 | _a(PL)b0000001025020 | ||
| 035 | _a(EXLNZ-48OMNIS_NETWORK)9910350154505606 | ||
| 040 |
_aWA N _cWA N _dKOSZ 005/EG |
||
| 080 | _a658.1/.5 | ||
| 080 | _a66/69 | ||
| 080 | _a331 | ||
| 080 | _a(075.8) | ||
| 080 | _a(076) | ||
| 100 | 1 |
_aStrzelecki, Tadeusz Jan _d(1933- ) _eAutor |
|
| 245 | 1 | 0 |
_aOrganizacja i normowanie pracy : _bćwiczenia / _cTadeusz Jan Strzelecki. |
| 260 |
_aWarszawa : _bWydawnictwa Politechniki Warszawskiej, _c1992. |
||
| 300 |
_a127 s. : _brys., 1 wykr. ; _c24 cm. |
||
| 336 |
_2rdacontent _aTekst _btxt |
||
| 337 |
_2rdamedia _aBez urządzenia pośredniczącego _bn |
||
| 338 |
_2rdacarrier _aWolumin _bnc |
||
| 380 | _aKsiążki | ||
| 380 | _aPublikacje dydaktyczne | ||
| 385 |
_mPoziom nauczania _aSzkoły wyższe |
||
| 388 | _a1901-2000 | ||
| 388 | _a1989-2000 | ||
| 504 | _aBibliogr. s. 127. | ||
| 650 | 7 |
_aNormowanie pracy _2DBN |
|
| 650 | 7 | _aPrzemysł | |
| 650 | 7 | _aPraca | |
| 650 | 7 | _aOrganizacja | |
| 655 | 7 |
_aĆwiczenia i zadania dla szkół wyższych _2DBN |
|
| 710 | 2 |
_aOficyna Wydawnicza Politechniki Warszawskiej _4pbl |
|
| 856 |
_uhttp://koha.tu.koszalin.pl/cgi-bin/koha/opac-detail.pl?biblionumber=24818 _yKatalog online BPK |
||
| 942 |
_2UKD _cKS |
||
| 999 |
_c24818 _d24818 |
||